000
00266nam a22001217a 4500
082
_a
823
_b
BIA/F
100
_a
BIANKI, VITALY
245
_a
FOREST HOME
260
_a
MOSCOW
_b
RADHUYA PUBLICATIONS
_c
1988
300
_a
46
650
_a
ENGLISH STORY
_z
MOSCOW
942
_c
BK
999
_c
7414
_d
7414